[Event "Stay Safe Play From Home 383"]
[Site "Emanuel Lasker Arena"]
[Date "2020.08.14"]
[Round "1"]
[White "NTBT_DHS"]
[Black "Käptn"]
[Result "1-0"]
[WhiteElo "2535"]
[BlackElo "2006"]
[Annotator "TA"]
[PlyCount "77"]
[EventDate "2020.08.14"]
[EventType "swiss (blitz)"]
[BlackTeam "SC Diogenes"]

{[%evp 9,76,-172,-143,-209,-128,-126,-112,-107,-78,-90,-35,-104,-97,-125,-20,-20,0,0,-14,-39,436,446,461,447,441,448,443,447,448,448,439,436,423,427,553,460,585,574,570,556,648,648,1159,1154,1130,1131,1405,1396,1381,1377,1341,1336,1547,1553,2540,2066,29977,2534,29983,2230,5962,1766,29991,29992,29997,29998,29998,29999,29999]} 1. e4 Nf6 2. Nf3 Nxe4 3. Bc4 d5 4. Bb3 Bg4 5. O-O {[#]} e6 $146 ({Predecessor:} 5... Ng5 6. d4 Nxf3+ 7. gxf3 Bh3 8. Re1 e6 9. Bf4 Qf6 10. Bxc7 h5 11. Kh1 Be7 {0-1 (21) Huremovic,H-Omercic,A (2145) Tuzla 2006}) 6. Nc3 {B04: Alekhine's Defence: 4 Nf3.} (6. h3 $17 Bxf3 7. Qxf3) 6... Nxc3 7. dxc3 Be7 8. h3 {Black is better.} Bxf3 9. Qxf3 Nd7 (9... a5 $17 {And now ...a4 would win.} 10. a4 Nd7) 10. Qg3 (10. c4 $15) 10... O-O $17 11. Bf4 Nf6 (11... c5 $17 {Threatens to win with ...c4.} 12. Ba4 c4 13. Bxd7 Qxd7) 12. Bxc7 $11 Qd7 13. Be5 Rfc8 14. Rad1 {[#] Strongly threatening c4!} Bf8 $2 {[%mdl 8192] This costs Black the game.} (14... b5 $15) 15. Bxf6 $1 $18 Kh8 16. Be5 f6 17. Bf4 a5 {If only Black now had time for ...a4....} 18. a4 b5 19. Ra1 b4 20. Bd2 bxc3 21. Bxc3 Rab8 22. Rad1 Qc7 23. Qxc7 Rxc7 24. Bxa5 Rcb7 25. Rfe1 Bb4 26. Bxb4 Rxb4 27. Rxe6 h5 28. Rxd5 Kh7 29. Rxh5+ Kg6 30. Rc5 Rd4 31. g4 Rd2 32. Kg2 Rbd8 33. Kg3 (33. Re7 $142 Rf8 34. Rcc7 f5 35. Rxg7+ Kf6 36. g5+ Ke5 37. Rge7+ Kf4 38. g6) 33... Rd1 34. Rc7 (34. Re7 $142 Rf8 35. Rcc7 Kh6 36. Rxg7 f5 37. g5+ Kh5 38. Rh7+ Kxg5 39. h4+ Kg6 40. h5+ Kf6 41. Rc6+ Rd6 42. Rxd6+ Ke5 43. Re6+ Kd4 44. c3+ Kd3 45. Rd7#) 34... Rg1+ 35. Kf3 Rdd1 36. Ree7 {White mates.} Rh1 37. Rxg7+ Kh6 38. Rh7+ Kg5 39. Rcg7# {Accuracy: White = 62%, Black = 44%.} 1-0

[Event "Stay Safe Play From Home 383"]
[Site "Emanuel Lasker Arena"]
[Date "2020.08.14"]
[Round "1"]
[White "IceQueen"]
[Black "Tavares"]
[Result "1-0"]
[WhiteElo "2259"]
[BlackElo "1752"]
[PlyCount "93"]
[EventDate "2020.08.14"]
[EventType "swiss (blitz)"]

1. e4 {[%emt 0:00:01]} c5 {[%emt 0:00:03]} 2. Nf3 {[%emt 0:00:02]} Nc6 {[%emt 0:00:01]} 3. Nc3 {[%emt 0:00:00]} e6 {[%emt 0:00:02]} 4. Bb5 {[%emt 0:00:01]} Nge7 {[%emt 0:00:02]} 5. O-O {[%emt 0:00:02]} a6 {[%emt 0:00:01]} 6. Bxc6 {[%emt 0:00:01]} Nxc6 {[%emt 0:00:00]} 7. Re1 {[%emt 0:00:00]} Be7 {[%emt 0:00:00]} 8. d3 {[%emt 0:00:00]} O-O {[%emt 0:00:01]} 9. a4 {[%emt 0:00:00]} d5 {[%emt 0:00:02]} 10. Bf4 {[%emt 0:00:03]} Bd7 {[%emt 0:00:04]} 11. exd5 {[%emt 0:00:02]} exd5 {[%emt 0:00:00]} 12. Nxd5 {[%emt 0:00:00]} Bf6 {[%emt 0:00:02]} 13. Nxf6+ {[%emt 0:00:03]} Qxf6 {[%emt 0:00:00]} 14. Qc1 {[%emt 0:00:00]} h6 {[%emt 0:00:02]} 15. Ne5 {[%emt 0:00:01]} Nxe5 {[%emt 0:00:02]} 16. Bxe5 {[%emt 0:00:00]} Qg6 {[%emt 0:00:01]} 17. Qf4 {[%emt 0:00:01]} Rfe8 {[%emt 0:00:01]} 18. b3 {[%emt 0:00:07]} Bc6 {[%emt 0:00:01]} 19. f3 {[%emt 0:00:01]} Re6 {[%emt 0:00:03]} 20. Bc3 {[%emt 0:00:02]} Rae8 {[%emt 0:00:00]} 21. Rxe6 {[%emt 0:00:01]} Qxe6 {[%emt 0:00:01]} 22. Re1 {[%emt 0:00:01]} Qd7 {[%emt 0:00:01]} 23. Rxe8+ {[%emt 0:00:01]} Qxe8 {[%emt 0:00:00]} 24. Qe5 {[%emt 0:00:00]} Qxe5 {[%emt 0:00:02]} 25. Bxe5 {[%emt 0:00:00]} b6 {[%emt 0:00:01]} 26. Bb8 {[%emt 0:00:02]} b5 {[%emt 0:00:01]} 27. a5 {[%emt 0:00:01]} c4 {[%emt 0:00:02]} 28. dxc4 {[%emt 0:00:01]} bxc4 {[%emt 0:00:00]} 29. bxc4 {[%emt 0:00:00]} Kf8 {[%emt 0:00:01]} 30. Kf2 {[%emt 0:00:01]} Ke7 {[%emt 0:00:00]} 31. Ke3 {[%emt 0:00:00]} Kd7 {[%emt 0:00:02]} 32. Kd4 {[%emt 0:00:01]} Ke6 {[%emt 0:00:00]} 33. c3 {[%emt 0:00:01]} f6 {[%emt 0:00:01]} 34. Kc5 {[%emt 0:00:00]} Bb7 {[%emt 0:00:03]} 35. Kb6 {[%emt 0:00:01]} Bc8 {[%emt 0:00:01]} 36. Kc7 {[%emt 0:00:01]} Bd7 {[%emt 0:00:01]} 37. c5 {[%emt 0:00:00]} Bb5 {[%emt 0:00:01]} 38. Kb7 {[%emt 0:00:06]} g6 {[%emt 0:00:00]} 39. c6 {[%emt 0:00:01]} f5 {[%emt 0:00:05]} 40. c7 {[%emt 0:00:00]} Bd7 {[%emt 0:00:00]} 41. c8=Q {[%emt 0:00:00]} Bxc8+ {[%emt 0:00:01]} 42. Kxc8 {[%emt 0:00:00]} g5 {[%emt 0:00:01]} 43. Kb7 {[%emt 0:00:00]} g4 {[%emt 0:00:00]} 44. Kxa6 {[%emt 0:00:00]} gxf3 {[%emt 0:00:01]} 45. gxf3 {[%emt 0:00:00]} Kd5 {[%emt 0:00:01]} 46. Kb5 {[%emt 0:00:00]} Ke6 {[%emt 0:00:02]} 47. a6 {[%emt 0:00:00] Time Time Time (Lag: Av=0.42s, max=0.8s) (Lag: Av=0.42s, max=0.8s) (Lag: Av=0.42s, max=0.8s)} 1-0

[Event "Stay Safe Play From Home 383"]
[Site "Emanuel Lasker Arena"]
[Date "2020.08.14"]
[Round "1"]
[White "Hickey"]
[Black "Klasman"]
[Result "1-0"]
[WhiteElo "2129"]
[BlackElo "1304"]
[PlyCount "49"]
[EventDate "2020.08.14"]
[EventType "swiss (blitz)"]

1. Nf3 {[%emt 0:00:01]} c5 {[%emt 0:00:04]} 2. d4 {[%emt 0:00:00]} cxd4 {[%emt 0:00:01]} 3. Nxd4 {[%emt 0:00:00]} Nc6 {[%emt 0:00:01]} 4. Nb3 {[%emt 0:00:00]} d5 {[%emt 0:00:01]} 5. c4 {[%emt 0:00:00]} d4 {[%emt 0:00:01]} 6. e3 {[%emt 0:00:04]} dxe3 {[%emt 0:00:02]} 7. Qxd8+ {[%emt 0:00:00]} Kxd8 {[%emt 0:00:03]} 8. Bxe3 {[%emt 0:00:00]} e5 {[%emt 0:00:04]} 9. Be2 {[%emt 0:00:01]} Be6 {[%emt 0:00:02]} 10. O-O {[%emt 0:00:01]} Nf6 {[%emt 0:00:02]} 11. Nc3 {[%emt 0:00:01]} Bb4 {[%emt 0:00:04]} 12. Rfd1+ {[%emt 0:00:05]} Ke8 {[%emt 0:00:04]} 13. Nd5 {[%emt 0:00:00]} Rd8 {[%emt 0:00:08]} 14. Nxb4 {[%emt 0:00:05]} Nxb4 {[%emt 0:00:02]} 15. Bxa7 {[%emt 0:00:10]} Rxd1+ {[%emt 0:00:01]} 16. Rxd1 {[%emt 0:00:06]} Nc6 {[%emt 0:00:05]} 17. Be3 {[%emt 0:00:02]} Ng4 {[%emt 0:00:04]} 18. Nc5 {[%emt 0:00:01]} Nxe3 {[%emt 0:00:01]} 19. fxe3 {[%emt 0:00:00]} Ke7 {[%emt 0:00:01]} 20. Nxe6 {[%emt 0:00:04]} fxe6 {[%emt 0:00:01]} 21. Bf3 {[%emt 0:00:05]} Ra8 {[%emt 0:00:01]} 22. Bxc6 {[%emt 0:00:02]} bxc6 {[%emt 0:00:02]} 23. a3 {[%emt 0:00:01]} g5 {[%emt 0:00:01]} 24. Ra1 {[%emt 0:00:01]} Rb8 {[%emt 0:00:02]} 25. b4 {[%emt 0:00:01] Time Time Time (Lag: Av=0.66s, max=0.8s) (Lag: Av=0.66s, max=0.8s) (Lag: Av=0.66s, max=0.8s)} 1-0

[Event "Stay Safe Play From Home 383"]
[Site "Emanuel Lasker Arena"]
[Date "2020.08.14"]
[Round "1"]
[White "TheCHESSHOUSE"]
[Black "Justwatch"]
[Result "1-0"]
[WhiteElo "2025"]
[BlackElo "1592"]
[PlyCount "43"]
[EventDate "2020.08.14"]
[EventType "swiss (blitz)"]

1. d4 {[%emt 0:00:04]} Nf6 {[%emt 0:00:00]} 2. c4 {[%emt 0:00:01]} g6 {[%emt 0:00:00]} 3. Nc3 {[%emt 0:00:01]} Bg7 {[%emt 0:00:00]} 4. e4 {[%emt 0:00:01]} O-O {[%emt 0:00:00]} 5. Nf3 {[%emt 0:00:00]} d6 {[%emt 0:00:00]} 6. Be2 {[%emt 0:00:01]} Bg4 {[%emt 0:00:00]} 7. O-O {[%emt 0:00:01]} Nc6 {[%emt 0:00:01]} 8. Be3 {[%emt 0:00:01]} a6 {[%emt 0:00:01]} 9. h3 {[%emt 0:00:01]} Bxf3 {[%emt 0:00:13]} 10. Bxf3 {[%emt 0:00:00]} e6 {[%emt 0:00:01]} 11. Qe2 {[%emt 0:00:02]} b6 {[%emt 0:00:02]} 12. Rad1 {[%emt 0:00:02]} Na5 {[%emt 0:00:01]} 13. b3 {[%emt 0:00:01]} Rc8 {[%emt 0:00:01]} 14. Rfe1 {[%emt 0:00:02]} Nb7 {[%emt 0:00:01]} 15. Bg5 {[%emt 0:00:01]} Qe8 {[%emt 0:00:01]} 16. Bxf6 {[%emt 0:00:02]} Bxf6 {[%emt 0:00:01]} 17. e5 {[%emt 0:00:00]} dxe5 {[%emt 0:00:01]} 18. dxe5 {[%emt 0:00:01]} Bg7 {[%emt 0:00:00]} 19. Bxb7 {[%emt 0:00:01]} Rb8 {[%emt 0:00:01]} 20. Bxa6 {[%emt 0:00:01]} Ra8 {[%emt 0:00:01]} 21. Bb5 {[%emt 0:00:01]} Qxb5 {[%emt 0:00:01]} 22. Nxb5 {[%emt 0:00:01] Justwatch terk eder Justwatch terk eder Justwatch terk eder (Lag: Av=0.74s, max=1.2s) (Lag: Av=0.74s, max=1.2s) (Lag: Av=0.74s, max=1.2s)} 1-0

[Event "Stay Safe Play From Home 383"]
[Site "Emanuel Lasker Arena"]
[Date "2020.08.14"]
[Round "1"]
[White "Trotsky"]
[Black "MihailoVujic"]
[Result "0-1"]
[WhiteElo "1586"]
[BlackElo "2239"]
[PlyCount "56"]
[EventDate "2020.08.14"]
[EventType "swiss (blitz)"]

1. d4 {[%emt 0:00:01]} d5 {[%emt 0:00:01]} 2. e3 {[%emt 0:00:00]} Nc6 {[%emt 0:00:03]} 3. c4 {[%emt 0:00:01]} e5 {[%emt 0:00:02]} 4. Nc3 {[%emt 0:00:01]} dxc4 {[%emt 0:00:01]} 5. Bxc4 {[%emt 0:00:01]} exd4 {[%emt 0:00:01]} 6. exd4 {[%emt 0:00:01]} Qxd4 {[%emt 0:00:01]} 7. Qb3 {[%emt 0:00:01]} Qe5+ {[%emt 0:00:04]} 8. Be3 {[%emt 0:00:01]} Qf6 {[%emt 0:00:03]} 9. O-O-O {[%emt 0:00:04]} Bd6 {[%emt 0:00:01]} 10. h4 {[%emt 0:00:06]} Nge7 {[%emt 0:00:01]} 11. Qc2 {[%emt 0:00:04]} O-O {[%emt 0:00:02]} 12. a3 {[%emt 0:00:01]} Ne5 {[%emt 0:00:01]} 13. Bd3 {[%emt 0:00:03]} g6 {[%emt 0:00:02]} 14. Nh3 {[%emt 0:00:02]} Bf5 {[%emt 0:00:01]} 15. Ng5 {[%emt 0:00:02]} h6 {[%emt 0:00:01]} 16. Bxf5 {[%emt 0:00:02]} Nxf5 {[%emt 0:00:03]} 17. g4 {[%emt 0:00:01]} Nxe3 {[%emt 0:00:01]} 18. fxe3 {[%emt 0:00:02]} hxg5 {[%emt 0:00:00]} 19. hxg5 {[%emt 0:00:01]} Qxg5 {[%emt 0:00:00]} 20. Rh3 {[%emt 0:00:07]} Kg7 {[%emt 0:00:02]} 21. Rdh1 {[%emt 0:00:01]} Rh8 {[%emt 0:00:00]} 22. Ne4 {[%emt 0:00:03]} Qe7 {[%emt 0:00:03]} 23. Rxh8 {[%emt 0:00:07]} Rxh8 {[%emt 0:00:00]} 24. Rxh8 {[%emt 0:00:01]} Kxh8 {[%emt 0:00:01]} 25. Qc3 {[%emt 0:00:01]} Kg8 {[%emt 0:00:02]} 26. Qc4 {[%emt 0:00:02]} Kg7 {[%emt 0:00:01]} 27. Qd4 {[%emt 0:00:01]} f5 {[%emt 0:00:01]} 28. Qd5 {[%emt 0:00:01]} fxe4 {[%emt 0:00:01] ' ' ' Âðåìÿ Âðåìÿ Âðåìÿ (Lag: Av=0.63s, max=1.5s) (Lag: Av=0.63s, max=1.5s) (Lag: Av=0.63s, max=1.5s)} 0-1

[Event "Stay Safe Play From Home 383"]
[Site "Emanuel Lasker Arena"]
[Date "2020.08.14"]
[Round "2"]
[White "Mepe_Nika"]
[Black "NTBT_DHS"]
[Result "0-1"]
[WhiteElo "2308"]
[BlackElo "2537"]
[Annotator "RC"]
[PlyCount "108"]
[EventDate "2020.08.14"]
[EventType "swiss (blitz)"]

1. d4 {[%emt 0:00:01]} Nf6 {[%emt 0:00:01]} 2. Bf4 {[%emt 0:00:01]} g6 {[%emt 0:00:00]} 3. e3 {[%emt 0:00:00]} Bg7 {[%emt 0:00:00]} 4. Nf3 {[%emt 0:00:00]} O-O {[%emt 0:00:00]} 5. h3 {[%emt 0:00:00]} d6 {[%emt 0:00:00]} 6. Be2 {[%emt 0:00:00]} Nc6 {[%emt 0:00:00]} 7. O-O {[%emt 0:00:00]} Nd7 {[%emt 0:00:00]} 8. Bh2 {[%emt 0:00:00]} e5 {[%emt 0:00:00]} 9. c3 {[%emt 0:00:00]} f5 {[%emt 0:00:00]} 10. a4 {[%emt 0:00:01]} g5 {[%emt 0:00:01]} 11. Nfd2 {[%emt 0:00:01]} f4 {[%emt 0:00:02]} 12. dxe5 {[%emt 0:00:02]} dxe5 {[%emt 0:00:01]} 13. b4 {[%emt 0:00:02]} Nf6 {[%emt 0:00:04]} 14. b5 {[%emt 0:00:02]} Ne7 {[%emt 0:00:01]} 15. Nc4 {[%emt 0:00:01]} Qxd1 {[%emt 0:00:02]} 16. Rxd1 {[%emt 0:00:00]} Nfd5 {[%emt 0:00:01]} 17. e4 {[%emt 0:00:02]} Nb6 {[%emt 0:00:02]} 18. f3 {[%emt 0:00:01]} Be6 {[%emt 0:00:01]} 19. Nba3 {[%emt 0:00:01]} Nxa4 {[%emt 0:00:01]} 20. Rac1 {[%emt 0:00:03]} Rfd8 {[%emt 0:00:01]} 21. Kf1 {[%emt 0:00:01]} Ng6 {[%emt 0:00:06]} 22. Bg1 {[%emt 0:00:01]} Bf8 {[%emt 0:00:01]} 23. Bf2 {[%emt 0:00:06]} b6 {[%emt 0:00:03]} 24. Ke1 {[%emt 0:00:04]} Rxd1+ {[%emt 0:00:05]} 25. Kxd1 {[%emt 0:00:00]} Rd8+ {[%emt 0:00:01]} 26. Kc2 {[%emt 0:00:01]} Nc5 {[%emt 0:00:03]} 27. Rd1 {[%emt 0:00:02]} Rxd1 {[%emt 0:00:01]} 28. Bxd1 {[%emt 0:00:00]} h5 {[%emt 0:00:00]} 29. Be2 {[%emt 0:00:01]} Kf7 {[%emt 0:00:01]} 30. Nd2 {[%emt 0:00:01]} Kf6 {[%emt 0:00:01]} 31. Bc4 {[%emt 0:00:01]} Bxc4 {[%emt 0:00:02]} 32. Naxc4 {[%emt 0:00:00]} Ne6 {[%emt 0:00:01]} 33. Nb2 {[%emt 0:00:02]} Bc5 {[%emt 0:00:00]} 34. Bxc5 {[%emt 0:00:03]} Nxc5 {[%emt 0:00:00]} 35. Nb3 {[%emt 0:00:01]} Nxb3 {[%emt 0:00:01]} 36. Kxb3 {[%emt 0:00:00]} Nh4 {[%emt 0:00:00]} 37. Kc4 {[%emt 0:00:01]} Nxg2 {[%emt 0:00:00]} 38. Kd5 {[%emt 0:00:01]} Ne3+ {[%emt 0:00:00]} 39. Kc6 {[%emt 0:00:01]} g4 {[%emt 0:00:00]} 40. hxg4 {[%emt 0:00:01]} hxg4 {[%emt 0:00:00]} 41. fxg4 {[%emt 0:00:00]} f3 {[%emt 0:00:00]} 42. Nd3 {[%emt 0:00:00]} Nxg4 {[%emt 0:00:01]} 43. Kxc7 {[%emt 0:00:01]} f2 {[%emt 0:00:00]} 44. Nxf2 {[%emt 0:00:01]} Nxf2 {[%emt 0:00:00]} 45. Kb7 {[%emt 0:00:01]} Nxe4 {[%emt 0:00:00]} 46. Kxa7 {[%emt 0:00:00]} Nxc3 {[%emt 0:00:00]} 47. Kxb6 {[%emt 0:00:00]} Nxb5 {[%emt 0:00:00]} 48. Kxb5 {[%emt 0:00:00]} Kf5 {[%emt 0:00:00]} 49. Kc4 {[%emt 0:00:00]} Kf4 {[%emt 0:00:00]} 50. Kd3 {[%emt 0:00:01]} Kf3 {[%emt 0:00:00]} 51. Kd2 {[%emt 0:00:01]} e4 {[%emt 0:00:01]} 52. Kd1 {[%emt 0:00:00]} Kf2 {[%emt 0:00:01]} 53. Kd2 {[%emt 0:00:01]} e3+ {[%emt 0:00:00]} 54. Kd1 {[%emt 0:00:00]} e2+ {[%emt 0:00:00] Mepe_Nika resigns Mepe_Nika resigns Mepe_Nika resigns (Lag: Av=0.62s, max=1.1s) (Lag: Av=0.62s, max=1.1s) (Lag: Av=0.62s, max=1.1s)} 0-1

[Event "Stay Safe Play From Home 383"]
[Site "Emanuel Lasker Arena"]
[Date "2020.08.14"]
[Round "2"]
[White "IceQueen"]
[Black "Hickey"]
[Result "1-0"]
[WhiteElo "2261"]
[BlackElo "2130"]
[PlyCount "105"]
[EventDate "2020.08.14"]
[EventType "swiss (blitz)"]

1. e4 {[%emt 0:00:01]} c6 {[%emt 0:00:01]} 2. Nc3 {[%emt 0:00:00]} d5 {[%emt 0:00:00]} 3. Nf3 {[%emt 0:00:00]} Bg4 {[%emt 0:00:02]} 4. h3 {[%emt 0:00:01]} Bxf3 {[%emt 0:00:01]} 5. Qxf3 {[%emt 0:00:00]} e6 {[%emt 0:00:00]} 6. d3 {[%emt 0:00:01]} Nf6 {[%emt 0:00:00]} 7. Bd2 {[%emt 0:00:01]} d4 {[%emt 0:00:01]} 8. Ne2 {[%emt 0:00:01]} c5 {[%emt 0:00:01]} 9. g4 {[%emt 0:00:01]} Nc6 {[%emt 0:00:00]} 10. g5 {[%emt 0:00:01]} Nd7 {[%emt 0:00:02]} 11. h4 {[%emt 0:00:00]} Qc7 {[%emt 0:00:01]} 12. Bh3 {[%emt 0:00:01]} Bd6 {[%emt 0:00:01]} 13. O-O-O {[%emt 0:00:01]} Nde5 {[%emt 0:00:01]} 14. Qg2 {[%emt 0:00:02]} O-O-O {[%emt 0:00:01]} 15. f4 {[%emt 0:00:00]} Nd7 {[%emt 0:00:02]} 16. e5 {[%emt 0:00:01]} Be7 {[%emt 0:00:01]} 17. Ng3 {[%emt 0:00:00]} g6 {[%emt 0:00:02]} 18. h5 {[%emt 0:00:01]} Nb6 {[%emt 0:00:02]} 19. Qe4 {[%emt 0:00:02]} Kb8 {[%emt 0:00:02]} 20. Bg2 {[%emt 0:00:01]} Rhf8 {[%emt 0:00:01]} 21. hxg6 {[%emt 0:00:02]} hxg6 {[%emt 0:00:00]} 22. Rh7 {[%emt 0:00:00]} Nd5 {[%emt 0:00:01]} 23. Kb1 {[%emt 0:00:01]} Qb6 {[%emt 0:00:01]} 24. Ne2 {[%emt 0:00:04]} Qa6 {[%emt 0:00:02]} 25. a3 {[%emt 0:00:02]} Qb6 {[%emt 0:00:02]} 26. Ka2 {[%emt 0:00:03]} Qc7 {[%emt 0:00:01]} 27. Rdh1 {[%emt 0:00:02]} Rd7 {[%emt 0:00:02]} 28. Rg7 {[%emt 0:00:01]} Qd8 {[%emt 0:00:01]} 29. Rhh7 {[%emt 0:00:01]} Qe8 {[%emt 0:00:01]} 30. Nc1 {[%emt 0:00:00]} Bd8 {[%emt 0:00:01]} 31. Nb3 {[%emt 0:00:01]} Bb6 {[%emt 0:00:00]} 32. Be1 {[%emt 0:00:02]} Nce7 {[%emt 0:00:01]} 33. Bh3 {[%emt 0:00:03]} Rc7 {[%emt 0:00:05]} 34. Nd2 {[%emt 0:00:01]} Nf5 {[%emt 0:00:03]} 35. Bxf5 {[%emt 0:00:01]} gxf5 {[%emt 0:00:00]} 36. Qf3 {[%emt 0:00:00]} Ne7 {[%emt 0:00:01]} 37. Nc4 {[%emt 0:00:02]} Ng6 {[%emt 0:00:04]} 38. Nd6 {[%emt 0:00:01]} Qd8 {[%emt 0:00:00]} 39. Rxf7 {[%emt 0:00:01]} Rfxf7 {[%emt 0:00:02]} 40. Rxf7 {[%emt 0:00:00]} Rxf7 {[%emt 0:00:01]} 41. Nxf7 {[%emt 0:00:00]} Qe7 {[%emt 0:00:00]} 42. Nd6 {[%emt 0:00:00]} Bc7 {[%emt 0:00:00]} 43. Qh5 {[%emt 0:00:01]} Bxd6 {[%emt 0:00:01]} 44. exd6 {[%emt 0:00:00]} Qg7 {[%emt 0:00:00]} 45. Qh6 {[%emt 0:00:01]} Qxh6 {[%emt 0:00:01]} 46. gxh6 {[%emt 0:00:00]} Kc8 {[%emt 0:00:02]} 47. c3 {[%emt 0:00:00]} Kd7 {[%emt 0:00:00]} 48. cxd4 {[%emt 0:00:00]} cxd4 {[%emt 0:00:00]} 49. Bb4 {[%emt 0:00:00]} b6 {[%emt 0:00:01]} 50. a4 {[%emt 0:00:00]} a5 {[%emt 0:00:00]} 51. Ba3 {[%emt 0:00:00]} Nh8 {[%emt 0:00:01]} 52. b4 {[%emt 0:00:00]} Nf7 {[%emt 0:00:00]} 53. bxa5 {[%emt 0:00:00] Time Time Time (Lag: Av=0.58s, max=0.9s) (Lag: Av=0.58s, max=0.9s) (Lag: Av=0.58s, max=0.9s)} 1-0

[Event "Stay Safe Play From Home 383"]
[Site "Emanuel Lasker Arena"]
[Date "2020.08.14"]
[Round "2"]
[White "MihailoVujic"]
[Black "TheCHESSHOUSE"]
[Result "1-0"]
[WhiteElo "2240"]
[BlackElo "2027"]
[PlyCount "69"]
[EventDate "2020.08.14"]
[EventType "swiss (blitz)"]

1. e4 {[%emt 0:00:01]} c5 {[%emt 0:00:01]} 2. c3 {[%emt 0:00:01]} d6 {[%emt 0:00:01]} 3. d4 {[%emt 0:00:01]} cxd4 {[%emt 0:00:00]} 4. cxd4 {[%emt 0:00:00]} Nc6 {[%emt 0:00:00]} 5. Nc3 {[%emt 0:00:01]} Nf6 {[%emt 0:00:01]} 6. Nf3 {[%emt 0:00:00]} g6 {[%emt 0:00:00]} 7. Bd3 {[%emt 0:00:01]} Bg7 {[%emt 0:00:01]} 8. Be3 {[%emt 0:00:00]} Bd7 {[%emt 0:00:01]} 9. Qd2 {[%emt 0:00:01]} O-O {[%emt 0:00:00]} 10. Bh6 {[%emt 0:00:01]} a6 {[%emt 0:00:01]} 11. Bxg7 {[%emt 0:00:01]} Kxg7 {[%emt 0:00:00]} 12. h4 {[%emt 0:00:01]} h5 {[%emt 0:00:01]} 13. O-O-O {[%emt 0:00:02]} Rc8 {[%emt 0:00:01]} 14. Kb1 {[%emt 0:00:01]} Bg4 {[%emt 0:00:01]} 15. Rhe1 {[%emt 0:00:02]} Bxf3 {[%emt 0:00:02]} 16. gxf3 {[%emt 0:00:01]} Nxd4 {[%emt 0:00:01]} 17. Qe3 {[%emt 0:00:01]} e5 {[%emt 0:00:01]} 18. f4 {[%emt 0:00:01]} Ng4 {[%emt 0:00:01]} 19. Qg3 {[%emt 0:00:01]} b5 {[%emt 0:00:07]} 20. f3 {[%emt 0:00:02]} Nf6 {[%emt 0:00:03]} 21. f5 {[%emt 0:00:01]} b4 {[%emt 0:00:04]} 22. Nd5 {[%emt 0:00:02]} Rg8 {[%emt 0:00:08]} 23. fxg6 {[%emt 0:00:02]} fxg6 {[%emt 0:00:01]} 24. Rg1 {[%emt 0:00:00]} Kh7 {[%emt 0:00:01]} 25. Qg5 {[%emt 0:00:03]} Nxd5 {[%emt 0:00:01]} 26. exd5 {[%emt 0:00:01]} Qxg5 {[%emt 0:00:01]} 27. Rxg5 {[%emt 0:00:00]} Nxf3 {[%emt 0:00:01]} 28. Rg3 {[%emt 0:00:03]} Nxh4 {[%emt 0:00:01]} 29. Rh1 {[%emt 0:00:02]} Rgf8 {[%emt 0:00:16]} 30. Rxh4 {[%emt 0:00:02]} Rf2 {[%emt 0:00:00]} 31. Rxh5+ {[%emt 0:00:01]} Kg7 {[%emt 0:00:01]} 32. Rxg6+ {[%emt 0:00:00]} Kf7 {[%emt 0:00:00]} 33. Rh7+ {[%emt 0:00:01]} Kf8 {[%emt 0:00:01]} 34. Rh8+ {[%emt 0:00:01]} Ke7 {[%emt 0:00:01]} 35. Rxc8 {[%emt 0:00:00] TheCHESSHOUSE resigns TheCHESSHOUSE resigns TheCHESSHOUSE resigns (Lag: Av=0.97s, max=1.5s) (Lag: Av=0.97s, max=1.5s) (Lag: Av=0.97s, max=1.5s)} 1-0

[Event "Stay Safe Play From Home 383"]
[Site "Emanuel Lasker Arena"]
[Date "2020.08.14"]
[Round "2"]
[White "Käptn"]
[Black "Trotsky"]
[Result "1-0"]
[WhiteElo "2004"]
[BlackElo "1585"]
[PlyCount "59"]
[EventDate "2020.08.14"]
[EventType "swiss (blitz)"]
[WhiteTeam "SC Diogenes"]

{Laqua, Christian (2108)} 1. c4 {[%emt 0:00:01]} c5 {[%emt 0:00:01]} 2. g3 {[%emt 0:00:01]} e6 {[%emt 0:00:00]} 3. Bg2 {[%emt 0:00:00]} d5 {[%emt 0:00:01]} 4. Nf3 {[%emt 0:00:00]} Nc6 {[%emt 0:00:01]} 5. b3 {[%emt 0:00:00]} Nf6 {[%emt 0:00:01]} 6. e3 {[%emt 0:00:01]} Bd6 {[%emt 0:00:01]} 7. Bb2 {[%emt 0:00:01]} Qc7 {[%emt 0:00:01]} 8. O-O {[%emt 0:00:01]} Ng4 {[%emt 0:00:01]} 9. h3 {[%emt 0:00:01]} h5 {[%emt 0:00:01]} 10. Nh2 {[%emt 0:00:03]} Bxg3 {[%emt 0:00:02]} 11. hxg4 {[%emt 0:00:04]} Bxh2+ {[%emt 0:00:02]} 12. Kh1 {[%emt 0:00:00]} hxg4 {[%emt 0:00:01]} 13. f4 {[%emt 0:00:04]} Bd7 {[%emt 0:00:06]} 14. Qxg4 {[%emt 0:00:02]} O-O-O {[%emt 0:00:01]} 15. Bh3 {[%emt 0:00:01]} e5 {[%emt 0:00:01]} 16. f5 {[%emt 0:00:04]} g6 {[%emt 0:00:05]} 17. Qg2 {[%emt 0:00:07]} gxf5 {[%emt 0:00:04]} 18. Qxh2 {[%emt 0:00:01]} Rh7 {[%emt 0:00:04]} 19. Nc3 {[%emt 0:00:03]} Rdh8 {[%emt 0:00:01]} 20. Nxd5 {[%emt 0:00:04]} Qd6 {[%emt 0:00:04]} 21. Rf3 {[%emt 0:00:02]} f4 {[%emt 0:00:04]} 22. exf4 {[%emt 0:00:04]} Bxh3 {[%emt 0:00:01]} 23. fxe5 {[%emt 0:00:03]} Nxe5 {[%emt 0:00:03]} 24. Bxe5 {[%emt 0:00:02]} Qh6 {[%emt 0:00:06]} 25. Bxh8 {[%emt 0:00:01]} Bg2+ {[%emt 0:00:02]} 26. Kxg2 {[%emt 0:00:02]} Qxh2+ {[%emt 0:00:02]} 27. Kf1 {[%emt 0:00:02]} Rxh8 {[%emt 0:00:01]} 28. Rf2 {[%emt 0:00:01]} Qh1+ {[%emt 0:00:01]} 29. Ke2 {[%emt 0:00:00]} Qe4+ {[%emt 0:00:02]} 30. Kd1 {[%emt 0:00:01] . . . Âðåìÿ Âðåìÿ Âðåìÿ (Lag: Av=0.24s, max=0.6s) (Lag: Av=0.24s, max=0.6s) (Lag: Av=0.24s, max=0.6s) ' ' '} 1-0

[Event "Stay Safe Play From Home 383"]
[Site "Emanuel Lasker Arena"]
[Date "2020.08.14"]
[Round "2"]
[White "Klasman"]
[Black "Tavares"]
[Result "1-0"]
[WhiteElo "1304"]
[BlackElo "1750"]
[Annotator "NA"]
[PlyCount "21"]
[EventDate "2020.08.14"]
[EventType "swiss (blitz)"]

1. f4 {[%emt 0:00:02]} e5 {[%emt 0:00:02]} 2. fxe5 {[%emt 0:00:02]} d6 {[%emt 0:00:01]} 3. Nf3 {[%emt 0:00:01]} dxe5 {[%emt 0:00:01]} 4. e4 {[%emt 0:00:01]} Nc6 {[%emt 0:00:01]} 5. Bb5 {[%emt 0:00:02]} Nf6 {[%emt 0:00:00]} 6. O-O {[%emt 0:00:01]} Nxe4 {[%emt 0:00:01]} 7. Nxe5 {[%emt 0:00:02]} Bc5+ {[%emt 0:00:03]} 8. Kh1 {[%emt 0:00:05]} Nf2+ {[%emt 0:00:01]} 9. Rxf2 {[%emt 0:00:02]} Bxf2 {[%emt 0:00:00]} 10. Qf3 {[%emt 0:00:02]} Bb6 {[%emt 0:00:07]} 11. Qxf7# {[%emt 0:00:04] (Lag: Av=0.46s, max=0.7s) (Lag: Av=0.46s, max=0.7s) (Lag: Av=0.46s, max=0.7s)} 1-0